Normal view
MARC view
- Mujeres
Entry Materia
001 - NÚMERO DE CONTROL DEL REGISTRO
- campo de control: 17499
003 - IDENTIFICADOR DE NUMERO DE CONTROL
- campo de control: MX-MxUPN
005 - FECHA Y HORA DE LA ÚLTIMA TRANSACCIÓN
- campo de control: 20230201111612.0
008 - DATOS DE LONGITUD FIJA
- campo de control de longitud fija: 220524n|bacnnnbabn | ana |d
035 ## - NÚMERO DE CONTROL DEL SISTEMA
- Número de control del sistema: UPN10000017507
040 ## - FUENTE DE LA CATALOGACIÓN
- Centro catalogador de origen: MX-MxUPN
- Lengua de catalogación: spa
- Agencia de transcripción: MX-MxUPN
046 ## - FECHAS CON CODIFICACIÓN ESPECIAL
- Fecha final para contenidos agregados: 0
150 ## - ENCABEZAMIENTO - TEMÁTICO
- Término de materia o nombre geográfico como elemento inicial: Mujeres
- Subdivisión de materia general: Actividad política
- Subdivisión geográfica: México
450 ## - VÉASE - MATERIA
- Encabezamiento temático: Mujeres en la política
670 ## - FUENTE EN LA QUE SE LOCALIZARON DATOS
- Cita de la fuente: DGB UNAM, catálogo de autoridades, 24 mayo 2022:
- Información localizada: (Mujeres - Actividad política - México)
902 ## - CATALOGADOR
- Catalogador: MMA/150211
902 ## - CATALOGADOR
- Catalogador: VRC/240522
